| 000 | 00822nam a2200241Ia 4500 | ||
|---|---|---|---|
| 001 | 15512 | ||
| 003 | GE_BSU | ||
| 008 | 181216s||||||||xx |||||||||||||| ||und|| | ||
| 040 | _cGE_BSU | ||
| 080 | _a821.353.1-1 | ||
| 100 | _aჩარკვიანი,ჯანსუღ | ||
| 245 | _aახალი ლექსები. პარალელური ხაზები | ||
| 245 | _bპოემა | ||
| 245 | _cრედ.მ.ჯაფარიძე. მხატვ. სპ.ცინცაძე | ||
| 260 | _aთბილისი | ||
| 260 | _bმერანი | ||
| 260 | _c1979 | ||
| 300 | _a150გვ.პორტრ.13სმ. | ||
| 541 | _h4ლ. | ||
| 653 | _aახალი ლექსები. პარალელური ხაზები | ||
| 653 | _aპოემა | ||
| 942 | _cBK | ||
| 999 |
_c48612 _d48612 |
||